000 01138cam a2200313 4500
001 B917
008 090401t1987 xxu||||| |||| 00| 0 eng d
035 _a(Sirsi) u38694
041 _aeng
050 _a692.5
090 _aRICS 1987/24ABC
110 _aRoyal Institution of Chartered Surveyors
_94900
245 _aManaging to succeed: fourteenth triennial conference of chartered quantity surveyors
260 _aLondon
_bRICS
_c1987
300 _a9 papers
350 _a0
520 _aQuantity Surveyors Division. Papers by: Bucknall, D.J. , Davidson, R.W. ; Fraser, D.D. ; Hawes, J.F. ; Horsepool, P. ; Manzie, Gordon ; Mobbs, Nigel ; Southgate, A.C. and White, P.D. Please note that either the full set of papers can be borrowed or just single papers (from the C copy).
650 _aMANAGEMENT-BUSINESS MANAGEMENT
650 _aCLIENT DEMAND
650 _aCOMPANY MANAGEMENT
650 _aCONSULTANCY
650 _aEXPERT SYSTEMS
650 _aMANAGEMENT
650 _aMARKETING
650 _aBUILT ENVIRONMENT-QUANTITY SURVEYING
690 _aQuantity surveying
_96263
942 _n0
948 _c04/03/1997
999 _c90687
_d90687